European positivism in the nineteenth century.

Bibliographic Details
Main Author: Simon, Walter Michael, 1922-
Other Authors: Comte, Auguste, 1798-1857
Format: Book
Language:English
Published: Ithaca, N.Y. : Cornell University Press, [1963]
Subjects:

MARC

Tag First Indicator Second Indicator Subfields
LEADER 00000cam a2200000 4500
001 in00000053136
005 20151007080449.0
008 720801s1963 eng u
010 |a  63016446  
035 |a (OCoLC)00370525 
035 |9 AAF4865AM 
040 |c WSU  |d TXA  |d UtOrBLW 
049 |a TXAM  |c [365519] 
090 |a B831  |b .S5 
092 |a 146.4  |b S596e 
100 1 |a Simon, Walter Michael,  |d 1922- 
245 1 0 |a European positivism in the nineteenth century. 
264 1 |a Ithaca, N.Y. :  |b Cornell University Press,  |c [1963] 
300 |a 384 pages 
336 |a text  |b txt  |2 rdacontent 
337 |a unmediated  |b n  |2 rdamedia 
338 |a volume  |b nc  |2 rdacarrier 
504 |a Bibliography: pages 283-376. 
650 0 |a Positivism. 
650 0 |a Philosophy, Modern  |y 19th century. 
700 1 |a Comte, Auguste,  |d 1798-1857. 
999 |a MARS 
999 f f |s 214755ab-8b61-3c5e-af28-38dade997853  |i 0edc70b4-6cf7-3ecf-ae91-e9abfd278aa8  |t 0 
952 f f |p ric  |a Texas A&M University  |b Rellis Campus  |c Joint Library Facility  |d Remote Storage  |t 0  |e B831 .S5  |h Library of Congress classification  |i unmediated -- volume  |m A14800519137 
998 f f |a B831 .S5  |t 0  |l Remote Storage